Logo BPK

Biblioteka

Politechniki Koszalińskiej

Einspritzhandbuch / (Rekord nr 24142)

Szczegóły MARC
000 -ETYKIETA REKORDU
podpole kontrolne o stałej długości 00642nam a2200229 i 4500
001 - NUMER KONTROLNY REKORDU
pole kontrolne bg
040 ## - ŹRÓDŁO KATALOGOWANIA
Instytucja, która utworzyła rekord BPK
041 ## - KOD JĘZYKA
Kod języka tekstu de
080 ## - UNIWERSALNA KLASYFIKACJA DZIESIĘTNA - UKD
UKD 629.114:621.43
008 - POLE O STAŁEJ DŁUGOŚCI - DANE KONTROLNE
podpole kontrolne o stałej długości s pl f |000 0 pol
245 #0 - TYTUŁ/ODPOWIEDZIALNOŚĆ
Tytuł Einspritzhandbuch /
Pozostałe elementy strefy tytułu i oznaczenia odpowiedzialności Autodata.
254 ## - STREFA POSTACI ZAPISU MUZYCZNEGO
Określenie postaci zapisu muzycznego 2101-1
260 ## - STREFA ADRESU WYDAWNICZEGO
Miejsce wydania Berkshire :
Nazwa wydawcy/dystrybutora Autodata,
Data publikacji, dystrybucji/powstania dokumentu 1992.
300 ## - STREFA OPISU FIZYCZNEGO
Objętość 832 s. :
Inne cechy fizyczne rys. ;
Rozmiary 30 cm.
490 1# - STREFA SERII I DOKUMENTU WIELOCZĘŚCIOWEGO - FORMA NIE DO WYSZUKIWANIA
Tytuł i oznaczenie odpowiedzialności serii Autodata Einspritzhandbücher / 1
501 ## - UWAGA DOTYCZĄCA PRAC WSPÓŁWYDANYCH
Tekst uwagi p. Skowroński tel.232.
650 #9 - HASŁO PRZEDMIOTOWE W FORMIE NAZWY OGÓLNEJ LUB JEDNOSTKOWEJ
Nazwa ogólna lub geograficzna Samochody osobowe europejskie
650 #9 - HASŁO PRZEDMIOTOWE W FORMIE NAZWY OGÓLNEJ LUB JEDNOSTKOWEJ
Nazwa ogólna lub geograficzna Samochody osobowe japońskie
650 #9 - HASŁO PRZEDMIOTOWE W FORMIE NAZWY OGÓLNEJ LUB JEDNOSTKOWEJ
Nazwa ogólna lub geograficzna Układ paliwowo-wtryskowy
830 #0 - HASŁO DODATKOWE SERII LUB DOKUMENTU WIELOCZĘŚCIOWEGO - TYTUŁ UJEDNOLICONY
Tytuł ujednolicony Autodata Einspritzhandbücher (1)
856 ## - LOKALIZACJA I DOSTĘP DO ELEKTRONICZNYCH DOKUMENTÓW ZDALNYCH
Link (URL) http://koha.tu.koszalin.pl/cgi-bin/koha/opac-detail.pl?biblionumber=24142
Tekst linku Katalog online BPK
942 ## - DODATKOWE ELEMENTY (KOHA)
Typ dokumentu Katalog
Egzemplarze
Wycofany Status egzemplarza Uszkodzony Dostępność Lokalizacja stała Lokalizacja bieżąca Miejsce przechowywania Sygnatura Kod kreskowy Typ dokumentu
      Dostępny Biblioteka Politechniki Koszalińskiej Biblioteka Politechniki Koszalińskiej Wypożyczalnia BG KC 2745 02260266 Katalog
© 2023 Biblioteka Politechniki Koszalińskiej :: KOHA